ბათუმის შოთა რუსთაველის სახელმწიფო უნივერსიტეტის ბიბლიოთეკა

ელექტრო ენერგიის გადაცემა და განაწილება : დამხ.სახელმძღ. / (ბიბ.ჩანაწერი № 37595)

000 -ლიდერი
ფიქსირებული სიგრძის საკონტროლო ველი 01119nam a2200241Ia 4500
001 - საკონტროლო ნომერი
საკონტროლო ველი 3567
003 - საკონტროლო ნომრის იდენტიფიკატორი
საკონტროლო ველი GE_BSU
005 - ბოლო ოპერაციის თარიღი და დრო
საკონტროლო ველი 20190528180204.0
008 - ფიქსირებული სიგრძის მონაცემთა ელემენტები - ზოგადი ინფორმაცია
ფიქსირებული სიგრძის საკონტროლო ველი 181216s2008||||ge |||||||||||||| ||geo||
020 ## - წიგნის საერთაშორისო სტანდარტული ნომერი
International Standard Book Number 9789941121920
040 ## - კატალოგიზაციის წყარო
Transcribing agency GE_BSU
041 ## - ენის კოდი
Language code of text/sound track or separate title geo
080 ## - უნივერსალური ათობითი კლასიფიკაციის ინდექსი
Universal Decimal Classification number 621.316+621.315(076) კ-95
100 ## - მთავარი ჩანაწერი - პიროვნების სახელი
Personal name კუტუბიძე, ბორის.
9 (RLIN) 1744
245 ## - ცნობა სათაურის შესახებ
Title ელექტრო ენერგიის გადაცემა და განაწილება : დამხ.სახელმძღ. /
Statement of responsibility, etc ბორის კუტუბიძე ; ოთარ ჯანელიძე ; რედ : მ. ტუღუში.
264 ## - წარმოების, გამოცემის, დისტრიბუციის და სხვა ცნობები
გამოცემის, წარმოების, დისტრიბუციის... ადგილი თბილისი :
გამოცემის, წარმოების, დისტრიბუციის... სახელწოდება უნივერსალი,
გამოცემის, წარმოების, დისტრიბუციის... თარიღი 2008.
300 ## - ფიზიკური აღწერა
Extent 169 გვ.:
Other physical details ილ ;
Dimensions 20 სმ.
504 ## - BIBLIOGRAPHY, ETC. NOTE
Bibliography, etc ბიბლიოგრ.:გვ.165.
653 ## - INDEX TERM--UNCONTROLLED
Uncontrolled term ელექტრო ენერგიის გადაცემა და განაწილება
700 ## - ADDED ENTRY--PERSONAL NAME
Personal name ჯანელიძე, ოთარ
9 (RLIN) 1743
700 ## - ADDED ENTRY--PERSONAL NAME
Personal name ტუღუში, მ
Relator term რედაქტორი
9 (RLIN) 1754
942 ## - ADDED ENTRY ELEMENTS (KOHA)
Koha item type წიგნი
Source of classification or shelving scheme
ეგზემპლარები
ჩამოწერის სტატუსი დაკარგული ეგზემპლარის სტატუსი კლასიფიკაციის წყარო ან თაროზე გაწყობის სქემა დაზიანების სტატუსი არ გაიცემა მუდმივი მდებარეობა (დაცვის ადგილი) ამჟამინდელი ადგილსამყოფელი თაროზე განთავსების ადგილი შეძენის თარიღი სრული შენახვის შიფრი შტრიხკოდი ბოლო ოპერაციის თარიღი ეგზემპლარის მიმდევრობითი ნომერი (კეტერი?) ფასის ძალაში შესვლის თარიღი ეგზემპლარის სახეობა
          ტექნოლოგიური ფაკულტეტის ბიბლიოთეკა ტექნოლოგიური ფაკულტეტის ბიბლიოთეკა წიგნსაცავი 2018-12-17 621.316+621.315(076) კ-95 9293 2018-12-17 9293 2018-12-17 წიგნი
          ტექნოლოგიური ფაკულტეტის ბიბლიოთეკა ტექნოლოგიური ფაკულტეტის ბიბლიოთეკა წიგნსაცავი 2018-12-17 621.316+621.315(076) კ-95 9294 2018-12-17 9294 2018-12-17 წიგნი
          ტექნოლოგიური ფაკულტეტის ბიბლიოთეკა ტექნოლოგიური ფაკულტეტის ბიბლიოთეკა წიგნსაცავი 2018-12-17 621.316+621.315(076) კ-95 9295 2018-12-17 9295 2018-12-17 წიგნი
          ტექნოლოგიური ფაკულტეტის ბიბლიოთეკა ტექნოლოგიური ფაკულტეტის ბიბლიოთეკა წიგნსაცავი 2018-12-17 621.316+621.315(076) კ-95 9296 2018-12-17 9296 2018-12-17 წიგნი
          ტექნოლოგიური ფაკულტეტის ბიბლიოთეკა ტექნოლოგიური ფაკულტეტის ბიბლიოთეკა წიგნსაცავი 2018-12-17 621.316+621.315(076) კ-95 9297 2018-12-17 9297 2018-12-17 წიგნი